История фашизма в Западной Европе

Λεπτομέρειες βιβλιογραφικής εγγραφής
Άλλοι συγγραφείς: Филатов Г. С. Георгий Семенович (редактор)
Γλώσσα:Ρωσικά
Έκδοση: Москва, Наука, 1978
Θέματα:
Μορφή: Βιβλίο
KOHA link:https://koha.lib.tpu.ru/cgi-bin/koha/opac-detail.pl?biblionumber=15631

MARC

LEADER 00000nam0a2200000 4500
001 15631
005 20231030190300.0
035 |a (RuTPU)RU\TPU\book\15743 
035 |a BOOK00000431 
090 |a 15631 
100 |a 20011209d1978 km y0rusy50 ca 
101 0 |a rus 
102 |a RU 
105 |a y z 000zy 
200 1 |a История фашизма в Западной Европе  |f Под ред. Г. С. Филатова 
210 |a Москва  |c Наука  |d 1978 
215 |a 613 с. 
610 1 |a история 
610 1 |a Всемирная история 
610 1 |a западная Европа 
610 1 |a Европа 
610 1 |a фашизм 
610 1 |a германский фашизм 
686 |a Т3(0)62  |v LBC/SL-A  |2 rubbk 
702 1 |a Филатов  |b Г. С.  |g Георгий Семенович  |4 340 
801 0 |a RU  |b 63413507  |c 20011209  |g PSBO 
801 2 |a RU  |b 63413507  |c 20120322  |g PSBO 
942 |c BK